000 00280nam a2200109Ia 4500
001 1268603
005 20260417145253.0
008 260417s9999 xx 000 0 und d
020 _a9786258094879
245 0 _aDevrim Erbil - Sanat Ülkesi
_cDevrim Erbil
260 _bKetebe Çocuk
999 _c1268603
_d1268603